Statistiques concernant Les femmes dans les parlements du monde

Cliquez ici pour prendre le quiz!

Statistiques générales

  • Ce quiz a été pris 5 fois
  • Le résultat moyen est 11 sur 20

Statistiques - réponses

De 65 à 50 %ContinentsType de chambrePays% Correct
5 paysAmérique / OcéanieHauteMexique | Bolivie | Australie | Canada | Antigua-et-Barbuda
100%
6 paysAfrique / Amérique / Asie / OcéanieBasse ou uniqueRwanda | Cuba | Nicaragua | Emirats Arabes Unis | Mexique | Nouvelle-Zélande
100%
11 paysAfrique / Amérique / EuropeHauteAfrique-du-Sud | Argentine | Belgique | Autriche | Burundi | Allemagne | Zimbabwe | Barbade | Belize | Eswatini | Sainte-Lucie
80%
23 paysEurope / Amérique / Afrique / AsieBasse ou uniqueIslande | Costa Rica | Andorre | Suède | Afrique-du-Sud | Bolivie | Norvège | Sénégal | Finlande | Argentine | Namibie | Danemark | Mozambique | Belgique | Espagne | Cap Vert | Macédoine | Suisse | Ethiopie | Pays-Bas | Autriche | Biélorussie | Timor oriental
80%
17 paysTousBasse ou uniquePérou | Equateur | Moldavie | Australie | Burundi | France | Slovénie | Dominique | Tanzanie | Guyana | Monaco | Portugal | Albanie | Arménie | Chili | Allemagne | Luxembourg
80%
26 paysAsie / Afrique / Europe / AmériqueBasse ou uniqueArabie Saoudite | Togo | Somalie | Guatemala | Bosnie-Herzégovine | Corée-du-Sud | Roumanie | Paraguay | Azerbaïdjan | Madagascar | Géorgie | Saint-Vincent-et-les-Grenadines | Bahamas | Brésil | Corée-du-Nord | Bhoutan | Turquie | Mongolie | Burkina Faso | Comores | Thaïlande | Libye | Russie | Belize | Inde | Zambie
60%
21 paysAsie / Afrique / Europe / AmériqueBasse ou uniqueChine | Maroc | Bulgarie | Israël | Kenya | Irlande | Seychelles | Panama | Laos | Slovaquie | Indonésie | Grèce | Bangladesh | Cambodge | Malawi | Pakistan | Ukraine | Mauritanie | Bahreïn | Kirghizistan | Maurice
60%
6 paysEurope / Asie / AmériqueHauteEspagne | France | Népal | Jamaïque | Trinité-et-Tobago | Irlande
60%
30 paysAfrique / Amérique / Asie / EuropeBasse ou uniqueGuinée | Etats-Unis | Surinam | Singapour | Lettonie | Colombie | Irak | Jamaïque | Mali | Trinité-et-Tobago | Lituanie | Monténégro | Pologne |Liechtenstein | Malte | République dominicaine | Estonie | Egypte | Salvador | Kazakhstan | Honduras | Philippines | Tadjikistan | Barbade | Lesotho | Uruguay | Djibouti | Tchéquie | Tchad | Turkménistan
60%
18 paysEurope / Afrique / Asie / AmériqueBasse ou uniqueSerbie | Royaume-Uni | Cameroun | Ouganda | Angola | Ouzbékistan | Saint-Marin | Népal | Soudan-du-Sud | Italie | Croatie | Grenade | Saint-Christophe-et-Niévès | Guinée équatoriale | Canada | Niger | Zimbabwe | Vietnam
60%
2 paysAfrique / AsieHauteAlgérie | Yémen
40%
15 paysAsie / Afrique / OcéanieBasse ou uniqueBrunei | Gambie | Salomon | Algérie | Bénin | Micronésie | Tonga | Kiribati | Koweït | Liban | Palaos | Tuvalu | Marshall | Iran | Sri Lanka
40%
23 paysTousBasse ou uniqueEswatini | Gabon | Congo | Ghana | Sao Tomé-et-Principe | Chypre | Malaisie | Côte-d'ivoire | Guinée Bissau | Hongrie | Samoa | Sierra Leone | Centrafrique | RD Congo | Jordanie | Antigua-et-Barbuda | Botswana | Sainte-Lucie | Liberia | Fidji | Syrie | Nauru | Japon
40%
6 paysAsie / Afrique / OcéanieBasse ou uniqueMaldives | Qatar | Nigeria | Oman | Vanuatu | Papouasie-Nouvelle-Guinée
40%
8 paysAfrique / Europe / AmériqueHauteRwanda | Ethiopie | Pays-Bas | Soudan-du-Sud | Italie | Grenade | Colombie | Kenya
40%
12 paysEurope / Afrique / Amérique / AsieHauteSuisse | Biélorussie | Royaume-Uni | Etats-Unis | Philippines | Tadjikistan | Uruguay | Turkménistan | Bahreïn | Somalie | Bahamas | Japon
40%
10 paysAmérique / Afrique / Asie / EuropeHauteChili | Cameroun | Ouzbékistan | Guinée équatoriale | Pologne | Lesotho | Russie | Gabon | Chypre | RD Congo
20%
3 paysAfrique / OcéanieHauteLiberia | Palaos | Nigeria
20%
9 paysAfrique / Amérique / AsieHauteNamibie | République dominicaine | Egypte | Maroc | Paraguay | Madagascar | Brésil | Thaïlande | Inde
20%
11 paysEurope / Asie / AfriqueHauteSlovénie | Tchéquie | Kazakhstan | Cambodge | Pakistan | Roumanie | Bhoutan | Congo | Malaisie | Jordanie | Oman
20%

Distribution des résultats

Percentile par nombre de réponses

% des personnes avec chaque résultat

Votre développement - résultats

Vous n’avez pas pris ce quiz